LEADER 01084nam0 22002533i 450 001 SUN0066915 005 20090123120000.0 010 $a88-243-1734-0 100 $a20090123d2007 |0itac50 ba 101 $aita 102 $aIT 105 $a|||| ||||| 200 1 $aˆIl ‰nomos infranto: globalizzazione e costituzioni$edel limite come principio essenziale degli ordinamenti giuridici$fLaura Ronchetti 210 $aNapoli$cJovene$d2007 215 $axxx, 275 p.$d24 cm. 410 1$1001SUN0066914$12001 $aPubblicazioni del Dipartimento di scienze giuridiche, Università degli studi di Roma La Sapienza$v9$1210 $aNapoli$cJovene. 620 $dNapoli$3SUNL000005 700 1$aRonchetti$b, Laura$3SUNV053168$0310600 712 $aJovene$3SUNV000014$4650 801 $aIT$bSOL$c20181203$gRICA 912 $aSUN0066915 950 $aUFFICIO DI BIBLIOTECA DEL DIPARTIMENTO DI GIURISPRUDENZA$d00CONS VIII.Eo.891 9 $e00BFG1147 20090123 996 $aNomos infranto: globalizzazione e costituzioni$91017454 997 $aUNICAMPANIA LEADER 01092nam a2200265 i 4500 001 991000004759707536 005 20020506120110.0 008 990617s1971 it ||| | ita 035 $ab10631124-39ule_inst 035 $aEXGIL136678$9ExL 040 $aDip.to Filol. Ling. e Lett.$bita 100 1 $aNardi, Bruno$0153617 245 10$aSaggi sulla cultura veneta del Quattro e Cinquecento /$cBruno Nardi 260 $aPadova :$bAntenore,$c1971 300 $a144 p. ;$c25 cm. 490 0 $aMedioevo e umanesimo ;$v12 650 4$aFolengo, Teofilo 650 4$aVenezia - Sec. 15.-16.$xVita artista e culturale 907 $a.b10631124$b23-02-17$c28-06-02 912 $a991000004759707536 945 $aLE008 FL.M. XII A 67$g2$i2008000014117$lle008$o-$pE0.00$q-$rl$s- $t0$u1$v0$w1$x0$y.i10718941$z28-06-02 945 $aLE002 Fondo Giudici M 1284$g1$iLE002G-1284$lle002$o-$pE0.00$q-$rn$so $t0$u0$v0$w0$x0$y.i10718953$z28-06-02 996 $aSaggi sulla cultura veneta del Quattro e Cinquecento$9143651 997 $aUNISALENTO 998 $ale008$ale002$b01-01-99$cm$da $e-$fita$git $h0$i2